[Event "17th Aeroflot Open-A 2019"]
[Site "Moscow"]
[Date "2019.02.23"]
[Round "5.17"]
[White "Firouzja, Alireza"]
[Black "Karthikeyan, Murali"]
[Result "1/2-1/2"]
[WhiteElo "2618"]
[BlackElo "2560"]
[Annotator "TA"]
[PlyCount "112"]
[EventDate "2019.02.19"]
[EventCountry "RUS"]
[SourceTitle "playchess.com"]
[Source "ChessBase"]
[SourceQuality "1"]

{[%evp 14,112,-7,-11,7,0,0,0,0,-11,0,0,0,0,0,0,0,0,18,20,28,28,28,33,26,-42,-27,-45,-30,-42,-41,-43,-29,-28,0,-10,-12,-11,-11,-43,-39,-35,-31,-81,-85,-70,-54,-52,-48,-65,-49,-91,-96,-93,-100,-120,-109,-116,-22,-41,-28,-42,-26,-76,-73,-64,-38,-61,-53,-66,-72,-72,-57,-43,-57,-52,-43,-43,-42,-43,-42,-29,-8,-8,0,0,0,-7,-7,-7,-7,-7,-8,-7,0,0,0,0,0,0,0]} 1. e4 e5 2. Nf3 Nc6 3. d4 exd4 4. Nxd4 Nf6 5. Nxc6 bxc6 6. e5 Qe7 7. Qe2 Nd5 8. h4 d6 {C45: Scotch Game} 9. c4 Nb6 10. exd6 cxd6 11. Be3 Qe6 $146 ({Predecessor:} 11... Be6 12. Qc2 Qd7 13. Nd2 d5 14. O-O-O d4 15. Ne4 c5 16. Bf4 {1-0 (68) Cheparinov,I (2693)-Alekseev,E (2617) Batumi 2018}) 12. Nc3 Be7 13. O-O-O O-O 14. Bg5 f6 {aiming for ...Qxe2.} 15. Bf4 d5 16. cxd5 Nxd5 17. Qf3 {[%cal Rc3d5]} Nxf4 18. Qxf4 Qe5 19. Qc4+ (19. Qxe5 $11 fxe5 20. Bc4+ Kh8 21. f3) 19... Be6 $15 20. Qa4 Rab8 $36 {[%mdl 2048] White is under pressure.} 21. Bd3 Rb4 22. Qc2 $1 Qf4+ 23. Qd2 Bf7 (23... Qc7 {is interesting.} 24. Rhe1 Bf7 25. Re4 Rfb8 26. Qe3 Bd6) 24. Qxf4 Rxf4 25. f3 f5 26. b3 h5 27. Kc2 g6 28. Rhe1 Bf6 29. Ba6 Bxh4 30. Re5 Rb4 31. Rd7 Rd8 32. Rxd8+ Bxd8 33. Rc5 Be8 34. Bc4+ Kf8 35. Ne2 Bb6 (35... Rb7 $17 36. Nf4 Bf6) 36. Re5 $11 Bc7 37. Re6 Rb6 38. Nc3 Rb8 39. Na4 Bb6 40. Nb2 Rb7 41. Rf6+ $1 Ke7 42. Re6+ {[#]} Kd8 $1 43. Rd6+ $1 Rd7 44. Rxc6 Rd2+ {[%mdl 64] Discovered Attack} 45. Kxd2 Bxc6 $15 {[%mdl 4096] Endgame KBB-KBN} 46. Bf7 h4 47. Nc4 $1 ({Avoid the trap} 47. Bxg6 $2 {[#]} Bxf3 $1 {[%mdl 512]} 48. Nc4 (48. gxf3 $2 h3 $19) 48... Bxg2 $19) 47... Ke7 {Strongly threatening ...Bxf3.} 48. Bxg6 {The position is equal.} Kf6 {...Bxf3 is the strong threat.} 49. Ke2 Bc5 50. Bh5 Kg5 51. Bf7 Kf4 52. Bh5 Kg3 53. Kf1 a6 54. Na5 Bd7 55. Nc4 f4 {Hoping for ...Bf5.} 56. Bg6 Bb5 {Accuracy: White = 67%, Black = 65%.} 1/2-1/2

[Event "17th Aeroflot Open-A 2019"]
[Site "Moscow"]
[Date "2019.02.23"]
[Round "5.18"]
[White "Lupulescu, Constantin"]
[Black "Xu, Yi"]
[Result "1/2-1/2"]
[WhiteElo "2610"]
[BlackElo "2520"]
[Annotator "ChessBase"]
[PlyCount "73"]
[EventDate "2019.02.19"]
[EventCountry "RUS"]
[SourceTitle "playchess.com"]
[Source "ChessBase"]
[SourceQuality "1"]
[TimeControl "40/5400+30:1800+30"]

1. d4 {[%emt 0:00:00]} Nf6 {[%emt 0:03:17]} 2. c4 {[%emt 0:00:00]} e6 {[%emt 0:00:06]} 3. Nf3 {[%emt 0:00:00]} d5 {[%emt 0:00:04]} 4. Nc3 {[%emt 0:00:00]} Bb4 {[%emt 0:00:03]} 5. cxd5 {[%emt 0:00:00]} exd5 {[%emt 0:00:03]} 6. Bg5 {[%emt 0:00:05]} h6 {[%emt 0:00:06]} 7. Bh4 {[%emt 0:00:04]} O-O {[%emt 0:00:13]} 8. e3 {[%emt 0:00:25]} Bf5 {[%emt 0:00:37]} 9. Qb3 {[%emt 0:00:06]} Bxc3+ {[%emt 0:01:24]} 10. Qxc3 {[%emt 0:00:18]} Nbd7 {[%emt 0:04:12]} 11. Be2 {[%emt 0:00:20]} c6 {[%emt 0:04:01]} 12. Qa3 {[%emt 0:00:18]} Re8 {[%emt 0:09:31]} 13. Nd2 {[%emt 0:01:53]} Nf8 {[%emt 0:07:03]} 14. O-O {[%emt 0:01:28]} Ng6 {[%emt 0:00:32]} 15. Bg3 {[%emt 0:00:34]} Ne4 {[%emt 0:02:15]} 16. Nxe4 {[%emt 0:01:04]} Bxe4 {[%emt 0:00:09]} 17. Rfc1 {[%emt 0:03:47]} Ne7 {[%emt 0:04:11]} 18. b4 {[%emt 0:08:40]} a6 {[%emt 0:00:46]} 19. Qa5 {[%emt 0:02:08]} Qxa5 {[%emt 0:09:23]} 20. bxa5 {[%emt 0:00:40]} Rad8 {[%emt 0:00:24]} 21. h3 {[%emt 0:03:49]} Nf5 {[%emt 0:02:33]} 22. Bh2 {[%emt 0:02:48]} Nd6 {[%emt 0:00:47]} 23. f3 {[%emt 0:08:11]} Bh7 {[%emt 0:03:55]} 24. Kf2 {[%emt 0:07:43]} f6 {[%emt 0:01:52]} 25. Rc3 {[%emt 0:09:38]} Re7 {[%emt 0:01:23]} 26. Rac1 {[%emt 0:01:16]} Kf8 {[%emt 0:01:35]} 27. g4 {[%emt 0:06:49]} Bg6 {[%emt 0:07:58]} 28. Rc5 {[%emt 0:07:12]} Rdd7 {[%emt 0:02:37]} 29. R1c3 {[%emt 0:06:02]} Rd8 {[%emt 0:03:51]} 30. Ra3 {[%emt 0:03:59]} Kf7 {[%emt 0:05:23]} 31. Rb3 {[%emt 0:01:13]} Kf8 {[%emt 0:00:41]} 32. Rb4 {[%emt 0:01:10]} Bf7 {[%emt 0:06:45]} 33. Bd3 {[%emt 0:06:57]} g5 {[%emt 0:04:26]} 34. Bg3 {[%emt 0:01:25]} Kg7 {[%emt 0:00:45]} 35. Rb2 {[%emt 0:03:38]} Bg6 {[%emt 0:01:02]} 36. Bf1 {[%emt 0:00:28]} h5 {[%emt 0:02:22]} 37. Bh2 {[%emt 0:04:35]} 1/2-1/2

[Event "17th Aeroflot Open-A 2019"]
[Site "Moscow"]
[Date "2019.02.23"]
[Round "5.19"]
[White "Debashis, Das"]
[Black "Idani, Pouya"]
[Result "1/2-1/2"]
[WhiteElo "2532"]
[BlackElo "2604"]
[Annotator "ChessBase"]
[PlyCount "60"]
[EventDate "2019.02.19"]
[EventCountry "RUS"]
[SourceTitle "playchess.com"]
[Source "ChessBase"]
[SourceQuality "1"]
[TimeControl "40/5400+30:1800+30"]

1. d4 {[%emt 0:00:00]} d5 {[%emt 0:04:26]} 2. c4 {[%emt 0:00:00]} e6 {[%emt 0:00:03]} 3. Nc3 {[%emt 0:00:00]} a6 {[%emt 0:00:04]} 4. cxd5 {[%emt 0:00:27]} exd5 {[%emt 0:00:05]} 5. Nf3 {[%emt 0:00:07]} Nf6 {[%emt 0:00:07]} 6. Bg5 {[%emt 0:00:18]} Be6 {[%emt 0:00:05]} 7. e3 {[%emt 0:00:33]} Nbd7 {[%emt 0:00:04]} 8. Bd3 {[%emt 0:01:09]} Bd6 {[%emt 0:00:06]} 9. Qc2 {[%emt 0:02:08]} c6 {[%emt 0:00:08]} 10. Bf4 {[%emt 0:00:23]} Qc7 {[%emt 0:01:02]} 11. Bxd6 {[%emt 0:00:18]} Qxd6 {[%emt 0:00:05]} 12. h3 {[%emt 0:00:08]} O-O {[%emt 0:00:10]} 13. O-O {[%emt 0:00:18]} g6 {[%emt 0:02:32]} 14. Na4 {[%emt 0:00:06]} Qe7 {[%emt 0:02:52]} 15. b4 {[%emt 0:02:32]} Ne4 {[%emt 0:00:25]} 16. Nc5 {[%emt 0:03:10]} a5 {[%emt 0:00:33]} 17. Bxe4 {[%emt 0:28:40]} dxe4 {[%emt 0:00:19]} 18. Qxe4 {[%emt 0:09:27]} axb4 {[%emt 0:00:29]} 19. Nxe6 {[%emt 0:09:37]} fxe6 {[%emt 0:07:07]} 20. Ne5 {[%emt 0:02:59]} Nxe5 {[%emt 0:03:55]} 21. Qxe5 {[%emt 0:00:09]} Rf5 {[%emt 0:02:09]} 22. Qe4 {[%emt 0:00:11]} Rfa5 {[%emt 0:03:07]} 23. Qc2 {[%emt 0:00:56]} Ra3 {[%emt 0:02:20]} 24. Rfb1 {[%emt 0:02:30]} Rc3 {[%emt 0:08:41]} 25. Qd1 {[%emt 0:01:09]} b5 {[%emt 0:05:31]} 26. Rb2 {[%emt 0:02:48]} Qd6 {[%emt 0:09:43]} 27. Rab1 {[%emt 0:00:54]} Ra4 {[%emt 0:02:04]} 28. Qd2 {[%emt 0:04:36]} Rc4 {[%emt 0:02:25]} 29. Rb3 {[%emt 0:04:15]} e5 {[%emt 0:04:15]} 30. Rd1 {[%emt 0:02:03]} exd4 {[%emt 0:06:33]} 1/2-1/2

[Event "17th Aeroflot Open-A 2019"]
[Site "Moscow"]
[Date "2019.02.23"]
[Round "5.20"]
[White "Sadhwani, Raunak"]
[Black "Gordievsky, Dmitry"]
[Result "1/2-1/2"]
[WhiteElo "2448"]
[BlackElo "2603"]
[Annotator "ChessBase"]
[PlyCount "39"]
[EventDate "2019.02.19"]
[EventCountry "RUS"]
[SourceTitle "playchess.com"]
[Source "ChessBase"]
[SourceQuality "1"]
[TimeControl "40/5400+30:1800+30"]

1. e4 {[%emt 0:00:00]} c5 {[%emt 0:00:00]} 2. Nf3 {[%emt 0:00:00]} Nc6 {[%emt 0:03:25]} 3. d4 {[%emt 0:00:00]} cxd4 {[%emt 0:00:04]} 4. Nxd4 {[%emt 0:00:00]} Nf6 {[%emt 0:00:05]} 5. Nc3 {[%emt 0:00:00]} e5 {[%emt 0:00:09]} 6. Ndb5 {[%emt 0:00:05]} d6 {[%emt 0:00:06]} 7. Bg5 {[%emt 0:00:09]} a6 {[%emt 0:00:07]} 8. Na3 {[%emt 0:00:06]} b5 {[%emt 0:00:04]} 9. Nd5 {[%emt 0:00:07]} Be7 {[%emt 0:00:06]} 10. Bxf6 {[%emt 0:00:05]} Bxf6 {[%emt 0:00:05]} 11. c3 {[%emt 0:00:10]} Bg5 {[%emt 0:04:19]} 12. Nc2 {[%emt 0:00:26]} Ne7 {[%emt 0:02:12]} 13. a4 {[%emt 0:05:22]} bxa4 {[%emt 0:01:55]} 14. Ncb4 {[%emt 0:00:51]} Nxd5 {[%emt 0:03:51]} 15. Qxd5 {[%emt 0:03:28]} Be6 {[%emt 0:00:41]} 16. Qc6+ {[%emt 0:01:33]} Bd7 {[%emt 0:00:18]} 17. Qxd6 {[%emt 0:03:07]} Be7 {[%emt 0:01:45]} 18. Qxe5 {[%emt 0:08:30]} O-O {[%emt 0:00:59]} 19. Qd4 {[%emt 0:07:38]} Bxb4 {[%emt 0:35:46]} 20. cxb4 {[%emt 0:05:05]} 1/2-1/2

[Event "17th Aeroflot Open-A 2019"]
[Site "Moscow"]
[Date "2019.02.23"]
[Round "5.21"]
[White "Sethuraman, S.P."]
[Black "Sargsyan, Shant"]
[Result "1/2-1/2"]
[WhiteElo "2651"]
[BlackElo "2488"]
[Annotator "ChessBase"]
[PlyCount "97"]
[EventDate "2019.02.19"]
[EventCountry "RUS"]
[SourceTitle "playchess.com"]
[Source "ChessBase"]
[SourceQuality "1"]
[TimeControl "40/5400+30:1800+30"]

1. e4 {[%emt 0:00:00]} e5 {[%emt 0:00:50]} 2. Nf3 {[%emt 0:00:00]} Nc6 {[%emt 0:00:10]} 3. Bc4 {[%emt 0:00:05]} Bc5 {[%emt 0:00:44]} 4. O-O {[%emt 0:00:29]} Nf6 {[%emt 0:01:01]} 5. d3 {[%emt 0:00:06]} h6 {[%emt 0:01:06]} 6. c3 {[%emt 0:00:09]} d6 {[%emt 0:00:20]} 7. Re1 {[%emt 0:00:42]} O-O {[%emt 0:01:28]} 8. Nbd2 {[%emt 0:00:13]} a5 {[%emt 0:02:13]} 9. Nf1 {[%emt 0:01:33]} Be6 {[%emt 0:03:27]} 10. Bb5 {[%emt 0:00:06]} Ba7 {[%emt 0:03:38]} 11. Ng3 {[%emt 0:08:01]} Ne7 {[%emt 0:01:49]} 12. d4 {[%emt 0:00:20]} c6 {[%emt 0:02:34]} 13. Bd3 {[%emt 0:01:25]} Ng6 {[%emt 0:01:16]} 14. h3 {[%emt 0:02:30]} a4 {[%emt 0:03:10]} 15. Be3 {[%emt 0:03:51]} Re8 {[%emt 0:13:54]} 16. Qc2 {[%emt 0:11:34]} Qc7 {[%emt 0:08:25]} 17. c4 {[%emt 0:02:13]} Qa5 {[%emt 0:07:48]} 18. Bf1 {[%emt 0:17:50]} b5 {[%emt 0:04:13]} 19. cxb5 {[%emt 0:09:51]} cxb5 {[%emt 0:02:00]} 20. Qc6 {[%emt 0:02:39]} Rab8 {[%emt 0:06:25]} 21. Bd2 {[%emt 0:24:09]} Qb6 {[%emt 0:07:31]} 22. Qxb6 {[%emt 0:00:27]} Rxb6 {[%emt 0:00:38]} 23. d5 {[%emt 0:02:30]} Bd7 {[%emt 0:00:22]} 24. Bb4 {[%emt 0:00:52]} Rc8 {[%emt 0:03:15]} 25. Rec1 {[%emt 0:00:15]} Ne8 {[%emt 0:01:44]} 26. Rxc8 {[%emt 0:00:34]} Bxc8 {[%emt 0:00:01]} 27. Rc1 {[%emt 0:00:26]} Bd7 {[%emt 0:00:53]} 28. Ne2 {[%emt 0:05:47]} Rb8 {[%emt 0:04:04]} 29. g3 {[%emt 0:00:16]} f5 {[%emt 0:04:58]} 30. exf5 {[%emt 0:00:47]} Bxf5 {[%emt 0:00:49]} 31. Nc3 {[%emt 0:00:03]} e4 {[%emt 0:02:04]} 32. g4 {[%emt 0:00:40]} exf3 {[%emt 0:02:38]} 33. gxf5 {[%emt 0:00:05]} Nf4 {[%emt 0:00:10]} 34. Re1 {[%emt 0:00:51]} Bd4 {[%emt 0:03:45]} 35. Nxb5 {[%emt 0:01:22]} Nxh3+ {[%emt 0:01:30]} 36. Bxh3 {[%emt 0:00:21]} Rxb5 {[%emt 0:00:13]} 37. Rxe8+ {[%emt 0:04:14]} Kf7 {[%emt 0:00:06]} 38. Re6 {[%emt 0:00:42]} Rxb4 {[%emt 0:00:33]} 39. Bg4 {[%emt 0:00:06]} Bxf2+ {[%emt 0:01:42]} 40. Kxf2 {[%emt 0:00:00]} Rxg4 {[%emt 0:00:00]} 41. Kxf3 {[%emt 0:00:35]} Rb4 {[%emt 0:01:11]} 42. Rxd6 {[%emt 0:00:21]} Rxb2 {[%emt 0:00:06]} 43. a3 {[%emt 0:00:18]} Rb3+ {[%emt 0:06:16]} 44. Kf4 {[%emt 0:01:22]} Rxa3 {[%emt 0:00:57]} 45. Ra6 {[%emt 0:00:33]} Ra1 {[%emt 0:02:36]} 46. Ra7+ {[%emt 0:01:52]} Kf6 {[%emt 0:00:38]} 47. Ra6+ {[%emt 0:00:13]} Kf7 {[%emt 0:02:29]} 48. Ra7+ {[%emt 0:00:09]} Kf6 {[%emt 0:00:29]} 49. Ra6+ {[%emt 0:00:07] Ke5+ Ke4+} 1/2-1/2

[Event "17th Aeroflot Open-A 2019"]
[Site "Moscow"]
[Date "2019.02.23"]
[Round "5.22"]
[White "Kovalev, Vladislav"]
[Black "Aravindh, Chithambaram VR."]
[Result "1-0"]
[WhiteElo "2703"]
[BlackElo "2601"]
[Annotator "TA"]
[PlyCount "113"]
[EventDate "2019.02.19"]
[EventCountry "RUS"]
[SourceTitle "playchess.com"]
[Source "ChessBase"]
[SourceQuality "1"]

{[%evp 19,113,27,27,14,30,13,32,15,29,16,20,16,15,8,19,15,20,8,0,5,25,27,36,18,7,2,9,6,9,0,13,10,28,0,0,0,0,0,0,0,0,-8,-29,-179,0,0,48,33,87,81,81,21,22,30,37,0,0,0,15,4,60,0,0,0,34,31,257,263,230,204,217,156,172,156,621,600,2022,1999,1314,1141,29978,29979,29988,29987,29988,29982,29981,29982,29982,29983,29982,29983,29984,29985,29985,29986]} 1. e4 c5 2. Nf3 d6 3. Bb5+ Bd7 4. Bxd7+ Qxd7 5. c4 g6 6. Nc3 Bg7 7. d4 cxd4 8. Nxd4 Nc6 9. Be3 Nf6 10. f3 O-O 11. Rc1 {B52: Sicilian: Moscow Variation with 3...Bd7} (11. O-O a6 12. Na4 Rab8 13. Nxc6 Qxc6 14. Nb6 Nd7 15. Nxd7 Qxd7 16. Rf2 b5 17. c5 Qa7 18. Rc1 dxc5 19. Bxc5 Qc7 {1-0 (50) Caruana,F (2807)-Kasparov,G (2812) Saint Louis 2017}) 11... a6 12. Na4 {Threatens to win with Nb6.} Rab8 $146 ({Predecessor:} 12... Qc7 13. O-O Nd7 14. b3 Nxd4 15. Bxd4 Bxd4+ 16. Qxd4 Rfc8 17. Nc3 {½-½ (17) Percze,R (2336)-Van Seben,E (2391) LSS email 2013}) 13. Nxc6 {White is slightly better.} Qxc6 14. O-O b5 15. cxb5 Qxb5 16. b3 Rfc8 17. Qd2 Nd7 18. Rc2 (18. h3 {feels hotter.} Qb7 19. Kf2 h5 20. Qd5 Qb5 21. Rfd1) 18... Rxc2 19. Qxc2 Nf8 20. Rc1 Ne6 21. Nc3 Bxc3 $1 22. Qxc3 f6 23. Qc4 Kf7 24. Rc2 Qa5 {...Rc8! is the strong threat.} 25. Kf2 Qh5 26. Qxa6 Qh4+ 27. Kf1 Qxh2 28. Qc4 g5 29. Qd5 Rg8 30. Qf5 Qh1+ 31. Kf2 {[#]} (31. Bg1 $11) 31... Qh4+ $2 (31... g4 $1 $19 {[%mdl 512]} 32. fxg4 Qh4+ 33. Ke2 (33. Kf3 $2 Rg5 $19 {[%mdl 64] Trapped Piece}) 33... Rxg4) 32. Ke2 $11 g4 33. f4 Qh1 (33... Qh2 $14) 34. Qd5 $1 $16 Qxg2+ 35. Kd3 (35. Kd1 $16 Qh1+ 36. Kd2 Qg2+ 37. Kc1) 35... Qf1+ $11 36. Kd2 Qg2+ $1 37. Kd3 {[%mdl 1024] White has compensation.} Qf1+ 38. Kd2 {Hoping for f5.} Qg2+ $1 39. Kc1 Qg3 40. Kd2 (40. Re2 $14) 40... Qg2+ 41. Kc1 Qf3 42. Bd2 $36 {[%mdl 2048] White has some pressure.} Qf1+ $2 (42... Qf2 $1 $14 43. Rc4 (43. f5 $2 Qg1+ 44. Be1 Kg7 $19) 43... Qg1+ 44. Kb2 Qh2) 43. Kb2 $18 Qg1 {[#] White must now prevent ...Qd4+.} 44. Rc4 $1 Qf2 {aiming for ...g3.} 45. Kc2 {Strongly threatening f5.} ({Don't play} 45. f5 $6 Kg7) 45... Qa7 {[#]} 46. a4 $1 {And now f5 would win.} g3 $2 (46... Qa8 $16) 47. f5 g2 48. Qxe6+ Kg7 {[#]} 49. e5 $1 {White threatens Rg4+ and mate.} Kh8 (49... dxe5 50. Rg4+) 50. exf6 {White mates.} g1=Q 51. fxe7 Qaf2 52. e8=Q Rxe8 53. Qxe8+ Qg8 54. Qd7 Qe2 55. Rc8 Qe4+ 56. Kc1 Qh1+ 57. Kb2 {Accuracy: White = 58%, Black = 49%.} 1-0

[Event "17th Aeroflot Open-A 2019"]
[Site "Moscow"]
[Date "2019.02.23"]
[Round "5.23"]
[White "Yuffa, Daniil"]
[Black "Inarkiev, Ernesto"]
[Result "1/2-1/2"]
[WhiteElo "2578"]
[BlackElo "2692"]
[Annotator "TA"]
[PlyCount "68"]
[EventDate "2019.02.19"]
[EventCountry "RUS"]
[SourceTitle "playchess.com"]
[Source "ChessBase"]
[SourceQuality "1"]

{[%evp 18,68,19,20,21,0,0,0,0,-4,-9,-12,-1,-14,0,0,0,0,0,0,0,-5,0,0,6,6,15,20,20,19,6,7,10,9,11,6,14,3,4,4,47,47,47,0,0,0,0,0,0,0,0,0,0]} 1. d4 d5 2. c4 e6 3. Nf3 dxc4 4. e3 Nf6 5. Bxc4 c5 6. O-O Nc6 7. Nc3 a6 8. a3 b5 9. Ba2 Bb7 10. Qe2 Qc7 {D40: Queen's Gambit Declined: Semi-Tarrasch with 5 e3} 11. Rd1 Rd8 12. d5 exd5 13. Nxd5 Nxd5 14. Bxd5 Be7 {[#]} 15. a4 $146 ({Predecessor:} 15. e4 O-O 16. g3 Na5 17. Bf4 Qc8 18. a4 {1-0 (40) Kramnik,V (2800)-Howell,D (2633) London 2011}) 15... O-O 16. axb5 axb5 17. Qxb5 Nd4 $1 {[%cal Rd4b5]} 18. exd4 Bxd5 19. Be3 {[%cal Rd4c5]} Rb8 20. Qa5 Qxa5 21. Rxa5 Rfd8 22. Ra7 Rb7 23. Rda1 cxd4 24. Nxd4 Rxa7 25. Rxa7 Bf6 26. h3 h6 27. Ra4 Rb8 28. b4 Bxd4 29. Bxd4 $11 {[%mdl 4096] Endgame KRB-KRB} Bc6 30. Be5 Rb6 {The position is equal.} 31. Bd4 Rb7 32. Ra8+ Kh7 33. Bc5 Rxb4 $1 34. Bxb4 Bxa8 {Accuracy: White = 70%, Black = 69%.} 1/2-1/2

[Event "17th Aeroflot Open-A 2019"]
[Site "Moscow"]
[Date "2019.02.23"]
[Round "5.24"]
[White "Moroni, Luca Jr"]
[Black "Anton Guijarro, David"]
[Result "0-1"]
[WhiteElo "2567"]
[BlackElo "2642"]
[Annotator "ChessBase"]
[PlyCount "78"]
[EventDate "2019.02.19"]
[EventCountry "RUS"]
[SourceTitle "playchess.com"]
[Source "ChessBase"]
[SourceQuality "1"]
[TimeControl "40/5400+30:1800+30"]

1. d4 {[%emt 0:00:00]} Nf6 {[%emt 0:00:00]} 2. c4 {[%emt 0:00:00]} e6 {[%emt 0:00:18]} 3. Nc3 {[%emt 0:00:00]} Bb4 {[%emt 0:00:38]} 4. e3 {[%emt 0:00:16]} O-O {[%emt 0:03:19]} 5. Bd3 {[%emt 0:00:09]} d5 {[%emt 0:02:10]} 6. Nf3 {[%emt 0:00:19]} dxc4 {[%emt 0:03:27]} 7. Bxc4 {[%emt 0:00:16]} c5 {[%emt 0:00:06]} 8. O-O {[%emt 0:00:20]} Nc6 {[%emt 0:01:33]} 9. a3 {[%emt 0:02:07]} Ba5 {[%emt 0:00:20]} 10. Qd3 {[%emt 0:05:10]} cxd4 {[%emt 0:13:21]} 11. exd4 {[%emt 0:01:02]} h6 {[%emt 0:02:18]} 12. Bf4 {[%emt 0:08:31]} Bxc3 {[%emt 0:11:29]} 13. bxc3 {[%emt 0:01:51]} b6 {[%emt 0:00:13]} 14. Ba2 {[%emt 0:05:00]} Bb7 {[%emt 0:00:34]} 15. Rfe1 {[%emt 0:02:37]} Rc8 {[%emt 0:00:42]} 16. Rac1 {[%emt 0:04:38]} Re8 {[%emt 0:04:17]} 17. h3 {[%emt 0:10:28]} a6 {[%emt 0:13:31]} 18. a4 {[%emt 0:06:35]} Nd5 {[%emt 0:05:39]} 19. Bd2 {[%emt 0:03:21]} Qd6 {[%emt 0:08:43]} 20. Bb1 {[%emt 0:04:53]} Nf6 {[%emt 0:01:03]} 21. Re3 {[%emt 0:10:45]} Ne7 {[%emt 0:02:21]} 22. Ne5 {[%emt 0:03:18]} Nf5 {[%emt 0:01:59]} 23. Re2 {[%emt 0:02:46]} Qd5 {[%emt 0:02:21]} 24. f3 {[%emt 0:01:06]} b5 {[%emt 0:04:59]} 25. axb5 {[%emt 0:01:06]} axb5 {[%emt 0:00:09]} 26. g4 {[%emt 0:02:16]} Ne7 {[%emt 0:07:49]} 27. h4 {[%emt 0:02:57]} Kf8 {[%emt 0:00:26]} 28. Rf1 {[%emt 0:03:41]} Nc6 {[%emt 0:03:04]} 29. Nxf7 {[%emt 0:06:41]} Kxf7 {[%emt 0:00:08]} 30. Qg6+ {[%emt 0:00:07]} Kg8 {[%emt 0:02:17]} 31. g5 {[%emt 0:03:49]} Ne7 {[%emt 0:01:18]} 32. Qc2 {[%emt 0:00:47]} Nf5 {[%emt 0:01:21]} 33. gxf6 {[%emt 0:01:10]} gxf6 {[%emt 0:00:17]} 34. Ba2 {[%emt 0:00:28]} Rc4 {[%emt 0:01:27]} 35. Bxc4 {[%emt 0:01:06]} Qxc4 {[%emt 0:00:34]} 36. Rg2+ {[%emt 0:03:20]} Kh7 {[%emt 0:01:58]} 37. h5 {[%emt 0:00:53]} Ra8 {[%emt 0:00:16]} 38. Bf4 {[%emt 0:01:18]} Bd5 {[%emt 0:01:22]} 39. Kh2 {[%emt 0:01:22]} Qxf1 {[%emt 0:00:23]} 0-1

[Event "17th Aeroflot Open-A 2019"]
[Site "Moscow"]
[Date "2019.02.23"]
[Round "5.25"]
[White "Sychev, Klementy"]
[Black "Iturrizaga Bonelli, Eduardo"]
[Result "1-0"]
[WhiteElo "2545"]
[BlackElo "2640"]
[Annotator "RC"]
[PlyCount "45"]
[EventDate "2019.02.19"]
[EventCountry "RUS"]
[SourceTitle "playchess.com"]
[Source "ChessBase"]
[SourceQuality "1"]
[TimeControl "40/5400+30:1800+30"]

1. e4 {[%emt 0:00:00]} c6 {[%emt 0:10:36]} 2. d4 {[%emt 0:00:00]} d5 {[%emt 0:00:15]} 3. exd5 {[%emt 0:05:17]} cxd5 {[%emt 0:00:09]} 4. Bd3 {[%emt 0:00:03]} Nc6 {[%emt 0:00:42]} 5. c3 {[%emt 0:00:06]} g6 {[%emt 0:00:36]} 6. Bf4 {[%emt 0:09:55]} Bg7 {[%emt 0:00:18]} 7. Nf3 {[%emt 0:00:24]} Nh6 {[%emt 0:03:08]} 8. Qd2 {[%emt 0:05:46]} Nf5 {[%emt 0:00:18]} 9. O-O {[%emt 0:00:12]} O-O {[%emt 0:00:39]} 10. Re1 {[%emt 0:03:26]} Re8 {[%emt 0:00:19]} 11. Na3 {[%emt 0:00:22]} a6 {[%emt 0:03:00]} 12. Nc2 {[%emt 0:08:24]} Nd6 {[%emt 0:04:46]} 13. Ne3 {[%emt 0:02:19]} e6 {[%emt 0:01:43]} 14. Nxd5 {[%emt 0:08:14]} exd5 {[%emt 0:04:57]} 15. Bxd6 {[%emt 0:00:04]} Rxe1+ {[%emt 0:06:03]} 16. Rxe1 {[%emt 0:00:16]} Bxd4 {[%emt 0:01:47]} 17. Nxd4 {[%emt 0:06:38]} Qxd6 {[%emt 0:00:16]} 18. Re8+ {[%emt 0:00:11]} Kg7 {[%emt 0:00:05]} 19. Qe3 {[%emt 0:06:17]} Nd8 {[%emt 0:03:07]} 20. Qg5 {[%emt 0:05:22]} Be6 {[%emt 0:05:36]} 21. Bxg6 {[%emt 0:10:28]} h6 {[%emt 0:03:03]} 22. Qe3 {[%emt 0:10:27]} Kxg6 {[%emt 0:02:42]} 23. Rh8 {[%emt 0:00:08]} 1-0